| 000 | 00903nas a2200289 4500 | ||
|---|---|---|---|
| 001 | BR2019001648 | ||
| 003 | BR-BrBNA | ||
| 005 | 20231205131942.0 | ||
| 007 | ta | ||
| 008 | 230509b bl.|||p| |||| 00| 00por d | ||
| 040 |
_aBR-BrBNA _bpor _cBiblioteca Nacional de Agricultura |
||
| 041 | _a(En) | ||
| 072 | _aF03 | ||
| 100 | 1 | _aDiniz, F.O. | |
| 100 | 1 | _aNovembre, A.D. da L.C. | |
| 245 | 1 | _aMaturation of Physalis peruviana L. seeds according to flowering and age of the fruit | |
| 650 | _aCAMAPU | ||
| 650 | _aGERMINAÇÃO | ||
| 650 | _aSEMENTE | ||
| 650 | _aMATURAÇÃO | ||
| 650 | _aANTESE | ||
| 650 | _aCOLHEITA | ||
| 773 | 0 |
_tRevista Ciência Agronômica (Brazil) _xISSN 1806-6690 _g(Jul-Sep 2019), v. 50(3) p. 447-457 _wBR2019001648 |
|
| 856 | 4 | 0 | _uhttp://www.scielo.br/pdf/rca/v50n3/1806-6690-rca-50-03-0447.pdf |
| 909 |
_a202311 _bLúcia _c55 _dLúcia Elande |
||
| 942 |
_2AGRIS _n0 _cANA |
||
| 999 |
_c257654 _d257654 |
||